[Event "Muensterland Verbandsliga 2526"]
[Site "Germany"]
[Date "2026.04.25"]
[Round "8"]
[Board "4"]
[White "Jacob, Helmut"]
[Black "Hoeing, Ludger"]
[Result "1-0"]
[WhiteElo "1920"]
[BlackElo "1800"]
[WhiteFideId "-1"]
[BlackFideId "-1"]
[PlyCount "101"]
[GameId "2303449118475063"]
[EventDate "2025.??.??"]
[EventType "team-tourn"]
[EventRounds "9"]
[EventCountry "GER"]
[SourceTitle "Verband Muensterland"]
[SourceDate "2025.11.13"]
[SourceVersion "1"]
[SourceVersionDate "2025.11.13"]
[SourceQuality "1"]
[WhiteTeam "Ochtrup"]
[BlackTeam "Gescher"]
[WhiteTeamCountry "GER"]
[BlackTeamCountry "GER"]

1. e4 c6 2. d4 d5 3. Nc3 dxe4 4. Nxe4 Nf6 5. Nxf6+ exf6 6. c3 Bd6 7. Bd3 O-O 8. Ne2 Bg4 9. Qc2 h6 10. Be3 Re8 11. O-O-O Nd7 12. Kb1 b5 13. Qd2 Bf8 14. h3 Be6 15. Bc2 Nb6 16. Nf4 Bd5 17. Nxd5 Qxd5 18. Qd3 g6 19. h4 f5 20. h5 g5 21. Qxf5 Qxf5 22. Bxf5 Nc4 23. Bc1 Rad8 24. Rde1 Rxe1 25. Rxe1 c5 26. dxc5 Bxc5 27. f3 b4 28. Kc2 Kg7 29. Bd3 Nd6 30. Bd2 a5 31. Re5 Rc8 32. Rd5 Rc6 33. cxb4 Bxb4+ 34. Kd1 Bxd2 35. Kxd2 a4 36. Rd4 a3 37. bxa3 Kf6 38. Rb4 Nf5 39. g4 Nd6 40. a4 Ke5 41. a5 Kd5 42. a6 Rc7 43. Rb8 Ra7 44. Rh8 f5 45. Rxh6 fxg4 46. fxg4 Ke5 47. Rg6 Rd7 48. Rxg5+ Kf4 49. Rd5 Rd8 50. h6 Kxg4 51. h7 1-0

[Event "Muensterland Verbandsliga 2526"]
[Site "Germany"]
[Date "2026.04.25"]
[Round "8"]
[Board "5"]
[White "Priebs, Ludger"]
[Black "Schwietering, Ralf"]
[Result "1/2-1/2"]
[WhiteElo "1749"]
[BlackElo "1774"]
[WhiteFideId "-1"]
[BlackFideId "-1"]
[PlyCount "57"]
[GameId "2303440050356500"]
[EventDate "2025.??.??"]
[EventType "team-tourn"]
[EventRounds "9"]
[EventCountry "GER"]
[SourceTitle "Verband Muensterland"]
[SourceDate "2025.11.13"]
[SourceVersion "1"]
[SourceVersionDate "2025.11.13"]
[SourceQuality "1"]
[WhiteTeam "Gescher"]
[BlackTeam "Ochtrup"]
[WhiteTeamCountry "GER"]
[BlackTeamCountry "GER"]

1. d4 Nf6 2. c4 g6 3. Nc3 Bg7 4. e4 d6 5. Be2 O-O 6. Bg5 c5 7. d5 Qa5 8. Bd2 Bd7 9. f4 Qc7 10. Nf3 a6 11. O-O Ng4 12. Qc1 f5 13. exf5 Bxf5 14. h3 Nf6 15. g4 Bc8 16. Qc2 e6 17. dxe6 Bxe6 18. Ng5 Bd7 19. Bf3 Nc6 20. Nd5 Qd8 21. Bc3 Kh8 22. Rae1 Nxd5 23. Bxg7+ Kxg7 24. Bxd5 Qf6 25. Qf2 Nb4 26. Ne4 Qd8 27. Qd2 Nxd5 28. Qxd5 Bc6 29. Qd3 1/2-1/2

[Event "Muensterland Verbandsliga 2526"]
[Site "Germany"]
[Date "2026.04.25"]
[Round "8"]
[Board "6"]
[White "Schmerling, Janek"]
[Black "Reichardt, Markus"]
[Result "1-0"]
[WhiteElo "1732"]
[BlackElo "1688"]
[WhiteFideId "-1"]
[BlackFideId "-1"]
[PlyCount "55"]
[GameId "2303040209866778"]
[EventDate "2025.??.??"]
[EventType "team-tourn"]
[EventRounds "9"]
[EventCountry "GER"]
[SourceTitle "Verband Muensterland"]
[SourceDate "2025.11.13"]
[SourceVersion "1"]
[SourceVersionDate "2025.11.13"]
[SourceQuality "1"]
[WhiteTeam "Ochtrup"]
[BlackTeam "Gescher"]
[WhiteTeamCountry "GER"]
[BlackTeamCountry "GER"]

1. e4 c5 2. d4 cxd4 3. c3 dxc3 4. Nxc3 e6 5. Bc4 a6 6. Nf3 b5 7. Bb3 Nc6 8. O-O Nge7 9. a4 b4 10. Nd5 Qa5 11. Bf4 Ra7 12. Re1 Ng6 13. Be3 Bc5 14. Rc1 Bxe3 15. Nxe3 O-O 16. Nc4 Qd8 17. Nd6 Qb6 18. h4 Rc7 19. h5 Nge5 20. h6 Ng4 21. hxg7 Qxf2+ 22. Kh1 Kxg7 23. Re2 Qg3 24. Qd2 f5 25. exf5 exf5 26. Qg5+ Kh8 27. Nf7+ Rxf7 28. Re8+ 1-0

[Event "Muensterland Verbandsliga 2526"]
[Site "Germany"]
[Date "2026.04.25"]
[Round "8"]
[Board "7"]
[White "Mantwill, Reiner"]
[Black "Holtmannspoetter, Thomas"]
[Result "1/2-1/2"]
[WhiteElo "1769"]
[BlackElo "1738"]
[WhiteFideId "-1"]
[BlackFideId "-1"]
[PlyCount "95"]
[GameId "2303450690429890"]
[EventDate "2025.??.??"]
[EventType "team-tourn"]
[EventRounds "9"]
[EventCountry "GER"]
[SourceTitle "Verband Muensterland"]
[SourceDate "2025.11.13"]
[SourceVersion "1"]
[SourceVersionDate "2025.11.13"]
[SourceQuality "1"]
[WhiteTeam "Gescher"]
[BlackTeam "Ochtrup"]
[WhiteTeamCountry "GER"]
[BlackTeamCountry "GER"]

1. d4 Nf6 2. c4 e6 3. Nc3 d5 4. Bg5 Be7 5. Nf3 O-O 6. e3 h6 7. Bh4 Ne4 8. Bxe7 Qxe7 9. Bd3 Nxc3 10. bxc3 dxc4 11. Bxc4 Nd7 12. O-O a5 13. Qe2 e5 14. e4 exd4 15. cxd4 Re8 16. Rfe1 Nb6 17. Bd3 Bg4 18. Qe3 Bxf3 19. Qxf3 Rad8 20. Qe3 Qb4 21. Rad1 Rxd4 22. e5 Rdd8 23. Rb1 Qd4 24. Qxd4 Rxd4 25. Be4 Rd2 26. Bxb7 Rxa2 27. f4 Re7 28. Ra1 Rc2 29. Rxa5 c6 30. Ba6 Nd5 31. Bd3 Rxg2+ 32. Kxg2 Nxf4+ 33. Kf3 Nxd3 34. Re3 Nb4 35. Ra8+ Kh7 36. Rc8 Kg6 37. Re4 Rb7 38. Ke3 Nd5+ 39. Kf3 Ne7 40. Re8 Kf5 41. Re2 Rc7 42. Rd8 Ng6 43. Re8 Re7 44. Rxe7 Nxe7 45. Ke3 Kxe5 46. Kd3+ Kd6 47. Kc4 g6 48. Rd2+ 1/2-1/2

[Event "Muensterland Verbandsliga 2526"]
[Site "Germany"]
[Date "2026.04.25"]
[Round "8"]
[Board "8"]
[White "Kaiser, Guenter1"]
[Black "Gemsa, Michael"]
[Result "0-1"]
[WhiteElo "1584"]
[BlackElo "1465"]
[WhiteFideId "-1"]
[BlackFideId "-1"]
[PlyCount "42"]
[GameId "2303443025895718"]
[EventDate "2025.??.??"]
[EventType "team-tourn"]
[EventRounds "9"]
[EventCountry "GER"]
[SourceTitle "Verband Muensterland"]
[SourceDate "2025.11.13"]
[SourceVersion "1"]
[SourceVersionDate "2025.11.13"]
[SourceQuality "1"]
[WhiteTeam "Ochtrup"]
[BlackTeam "Gescher"]
[WhiteTeamCountry "GER"]
[BlackTeamCountry "GER"]

1. e4 g6 2. d4 Bg7 3. Nc3 d5 4. e5 f6 5. Nf3 Bg4 6. Be2 c6 7. exf6 exf6 8. O-O Nh6 9. h3 Bxf3 10. Bxf3 O-O 11. Ne2 Re8 12. c3 Nd7 13. Ng3 Qc7 14. Be3 Rxe3 15. fxe3 Qxg3 16. Qd2 f5 17. Be2 Nf6 18. Rf3 Qd6 19. Bd3 Nf7 20. h4 Bh6 21. Raf1 Re8 0-1

[Event "Muensterland Verbandsliga 2526"]
[Site "Germany"]
[Date "2026.04.25"]
[Round "8"]
[Board "1"]
[White "Eiersbrock, Robin"]
[Black "Wittek, Felix"]
[Result "1/2-1/2"]
[WhiteElo "2052"]
[BlackElo "1834"]
[WhiteFideId "-1"]
[BlackFideId "-1"]
[PlyCount "90"]
[GameId "2305634894780841"]
[EventDate "2025.??.??"]
[EventType "team-tourn"]
[EventRounds "9"]
[EventCountry "GER"]
[SourceTitle "Verband Muensterland"]
[SourceDate "2025.11.13"]
[SourceVersion "1"]
[SourceVersionDate "2025.11.13"]
[SourceQuality "1"]
[WhiteTeam "Duelmen"]
[BlackTeam "Suedlohn II"]
[WhiteTeamCountry "GER"]
[BlackTeamCountry "GER"]

1. d4 d5 2. c4 e6 3. Nc3 Nf6 4. Nf3 Be7 5. e3 O-O 6. Be2 b6 7. cxd5 Nxd5 8. Nxd5 exd5 9. O-O Ba6 10. b3 Bxe2 11. Qxe2 a5 12. a4 Nc6 13. Ba3 Bxa3 14. Rxa3 Qd6 15. Raa1 Nb4 16. Rac1 Rfc8 17. e4 dxe4 18. Qxe4 Re8 19. Qb7 Nd5 20. Rfe1 Reb8 21. Qc6 Qxc6 22. Rxc6 Re8 23. Re5 Rxe5 24. dxe5 Re8 25. Kf1 Kf8 26. g3 Ke7 27. Nd4 Kd7 28. f4 Nb4 29. Rc1 Rd8 30. Nb5 c6 31. Nd6 f6 32. Nc4 fxe5 33. Nxb6+ Kc7 34. Nc4 exf4 35. gxf4 Rf8 36. Nxa5 Rxf4+ 37. Kg2 Rg4+ 38. Kf3 Rg5 39. Rc4 Rxa5 40. Rxb4 Rd5 41. Re4 Kb6 42. b4 Rd7 43. Re8 Rd3+ 44. Re3 Rd4 45. Re4 Rd7 1/2-1/2

[Event "Muensterland Verbandsliga 2526"]
[Site "Germany"]
[Date "2026.04.25"]
[Round "8"]
[Board "2"]
[White "Sparwel, Oliver"]
[Black "Eiersbrock, Marko"]
[Result "1-0"]
[WhiteElo "1901"]
[BlackElo "1859"]
[WhiteFideId "-1"]
[BlackFideId "-1"]
[PlyCount "79"]
[GameId "2305634894780843"]
[EventDate "2025.??.??"]
[EventType "team-tourn"]
[EventRounds "9"]
[EventCountry "GER"]
[SourceTitle "Verband Muensterland"]
[SourceDate "2025.11.13"]
[SourceVersion "1"]
[SourceVersionDate "2025.11.13"]
[SourceQuality "1"]
[WhiteTeam "Suedlohn II"]
[BlackTeam "Duelmen"]
[WhiteTeamCountry "GER"]
[BlackTeamCountry "GER"]

1. d4 d5 2. e3 Nf6 3. b3 Bf5 4. Bd3 Bg6 5. Nf3 e6 6. O-O Bd6 7. Ne5 Nbd7 8. Bb2 c6 9. Nd2 a5 10. Rc1 a4 11. f4 Bh5 12. Qe1 axb3 13. axb3 Ra2 14. Bc3 O-O 15. Qh4 Bg6 16. Nxg6 fxg6 17. Ra1 Rxa1 18. Rxa1 c5 19. Qh3 Re8 20. Nf3 Qc7 21. Bb5 cxd4 22. Bxd4 Qxc2 23. Bxf6 gxf6 24. Bxd7 Re7 25. Bxe6+ Kg7 26. Bxd5 Qc5 27. Rd1 Qxe3+ 28. Kh1 Qe2 29. Rc1 Bxf4 30. Bc4 Qe3 31. Rf1 Qc5 32. Qh4 g5 33. Qf2 Be3 34. Qe2 Bf4 35. Qd3 Re3 36. Qd4 Qc6 37. Qd5 Qc7 38. Nd4 Re5 39. Ne6+ Rxe6 40. Qxe6 1-0

[Event "Muensterland Verbandsliga 2526"]
[Site "Germany"]
[Date "2026.04.25"]
[Round "8"]
[Board "3"]
[White "Loedding, Detlef"]
[Black "Albersmann, Rene"]
[Result "0-1"]
[WhiteElo "1860"]
[BlackElo "1844"]
[WhiteFideId "-1"]
[BlackFideId "-1"]
[PlyCount "60"]
[GameId "2305634894780845"]
[EventDate "2025.??.??"]
[EventType "team-tourn"]
[EventRounds "9"]
[EventCountry "GER"]
[SourceTitle "Verband Muensterland"]
[SourceDate "2025.11.13"]
[SourceVersion "1"]
[SourceVersionDate "2025.11.13"]
[SourceQuality "1"]
[WhiteTeam "Duelmen"]
[BlackTeam "Suedlohn II"]
[WhiteTeamCountry "GER"]
[BlackTeamCountry "GER"]

1. e4 c5 2. Nf3 Nc6 3. Bb5 Qc7 4. O-O g6 5. Bxc6 dxc6 6. b3 e5 7. Bb2 f6 8. c3 Be6 9. Na3 Bd6 10. Nc2 Ne7 11. d4 O-O-O 12. Qe2 g5 13. b4 cxd4 14. cxd4 Ng6 15. g3 h5 16. a4 Bh3 17. Rfc1 h4 18. b5 hxg3 19. bxc6 gxh2+ 20. Nxh2 exd4 21. cxb7+ Kxb7 22. e5 Bxe5 23. Nf3 Nf4 24. Qe4+ Kb8 25. Bxd4 Bxd4 26. Ncxd4 Qb7 27. Nc6+ Ka8 28. Rab1 Bg2 29. Qxf4 Qh7 30. Qh2 Bxf3 0-1

[Event "Muensterland Verbandsliga 2526"]
[Site "Germany"]
[Date "2026.04.25"]
[Round "8"]
[Board "4"]
[White "Harbers, Gerard"]
[Black "Dieckerhoff, Stefan"]
[Result "1/2-1/2"]
[WhiteElo "1837"]
[BlackElo "1767"]
[WhiteFideId "-1"]
[BlackFideId "-1"]
[PlyCount "51"]
[GameId "2305634894780847"]
[EventDate "2025.??.??"]
[EventType "team-tourn"]
[EventRounds "9"]
[EventCountry "GER"]
[SourceTitle "Verband Muensterland"]
[SourceDate "2025.11.13"]
[SourceVersion "1"]
[SourceVersionDate "2025.11.13"]
[SourceQuality "1"]
[WhiteTeam "Suedlohn II"]
[BlackTeam "Duelmen"]
[WhiteTeamCountry "GER"]
[BlackTeamCountry "GER"]

1. e4 c5 2. Nf3 a6 3. d4 cxd4 4. Nxd4 Nf6 5. Nc3 e5 6. Nb3 Bb4 7. Bd3 d5 8. exd5 Nxd5 9. O-O Nxc3 10. bxc3 Bxc3 11. Rb1 O-O 12. Qf3 Qc7 13. Bb2 Bxb2 14. Rxb2 f5 15. Qd5+ Kh8 16. Qc5 Qxc5 17. Nxc5 Rf7 18. Rfb1 b5 19. c4 Rc7 20. Na4 Nd7 21. cxb5 axb5 22. Bxb5 Rb8 23. f3 Rcb7 24. Bd3 Rxb2 25. Rxb2 Rxb2 26. Nxb2 1/2-1/2

[Event "Muensterland Verbandsliga 2526"]
[Site "Germany"]
[Date "2026.04.25"]
[Round "8"]
[Board "5"]
[White "Gehlen, Horst"]
[Black "Emming, Benedikt"]
[Result "0-1"]
[WhiteElo "1601"]
[BlackElo "1815"]
[WhiteFideId "-1"]
[BlackFideId "-1"]
[PlyCount "68"]
[GameId "2305634894780849"]
[EventDate "2025.??.??"]
[EventType "team-tourn"]
[EventRounds "9"]
[EventCountry "GER"]
[SourceTitle "Verband Muensterland"]
[SourceDate "2025.11.13"]
[SourceVersion "1"]
[SourceVersionDate "2025.11.13"]
[SourceQuality "1"]
[WhiteTeam "Duelmen"]
[BlackTeam "Suedlohn II"]
[WhiteTeamCountry "GER"]
[BlackTeamCountry "GER"]

1. f4 d5 2. Nf3 Nf6 3. e3 g6 4. d4 Bg7 5. Bd3 O-O 6. O-O Bg4 7. Nbd2 Nbd7 8. Qe1 Bxf3 9. Rxf3 e6 10. c3 c5 11. b3 Qa5 12. Bb2 cxd4 13. exd4 Rfc8 14. a4 Ne8 15. Rc1 Nd6 16. Rf1 Qb6 17. Kh1 Re8 18. g4 f5 19. g5 Kf7 20. Rf3 Ne4 21. b4 a5 22. b5 Qd6 23. Qe3 Nb6 24. Rh3 Rh8 25. Nf3 Nxa4 26. Ne5+ Bxe5 27. dxe5 Qc5 28. Qxc5 Nexc5 29. Ba3 Nxd3 30. Rxd3 Nb6 31. Bc5 Nc4 32. Ra1 b6 33. Ba3 h6 34. Rh3 hxg5 0-1

[Event "Muensterland Verbandsliga 2526"]
[Site "Germany"]
[Date "2026.04.25"]
[Round "8"]
[Board "6"]
[White "Albers, Thomas"]
[Black "Sindermann, Erwin"]
[Result "1-0"]
[WhiteElo "1818"]
[BlackElo "1769"]
[WhiteFideId "-1"]
[BlackFideId "-1"]
[PlyCount "87"]
[GameId "2305634894780851"]
[EventDate "2025.??.??"]
[EventType "team-tourn"]
[EventRounds "9"]
[EventCountry "GER"]
[SourceTitle "Verband Muensterland"]
[SourceDate "2025.11.13"]
[SourceVersion "1"]
[SourceVersionDate "2025.11.13"]
[SourceQuality "1"]
[WhiteTeam "Suedlohn II"]
[BlackTeam "Duelmen"]
[WhiteTeamCountry "GER"]
[BlackTeamCountry "GER"]

1. d4 d5 2. Nf3 Nf6 3. Bf4 e6 4. e3 Bd6 5. Bd3 c6 6. c3 Qc7 7. Bxd6 Qxd6 8. O-O Nbd7 9. Nbd2 O-O 10. e4 dxe4 11. Nxe4 Nxe4 12. Bxe4 Nf6 13. Qc2 Nxe4 14. Qxe4 Qd5 15. Qc2 f6 16. Rfe1 Bd7 17. b3 Rfe8 18. Re3 Qf5 19. Qxf5 exf5 20. Rae1 Kf7 21. Nd2 Rxe3 22. Rxe3 Re8 23. Rxe8 Bxe8 24. f4 Ke7 25. Kf2 Bd7 26. Nc4 Be8 27. Ne3 g6 28. Ke2 Bf7 29. Kd3 Kd7 30. c4 Kd6 31. c5+ Kd7 32. Kc3 b6 33. a4 Kc7 34. b4 a6 35. cxb6+ Kxb6 36. Nc4+ Kc7 37. Nb2 Bd5 38. g3 Kb6 39. Nd3 a5 40. Nc5 g5 41. Nd7+ Ka6 42. Nxf6 h6 43. Nxd5 cxd5 44. bxa5 1-0

[Event "Muensterland Verbandsliga 2526"]
[Site "Germany"]
[Date "2026.04.25"]
[Round "8"]
[Board "7"]
[White "Reufer, Berthold"]
[Black "Richters, Alfred"]
[Result "1/2-1/2"]
[WhiteElo "1593"]
[BlackElo "1827"]
[WhiteFideId "-1"]
[BlackFideId "-1"]
[PlyCount "46"]
[GameId "2305634894780853"]
[EventDate "2025.??.??"]
[EventType "team-tourn"]
[EventRounds "9"]
[EventCountry "GER"]
[SourceTitle "Verband Muensterland"]
[SourceDate "2025.11.13"]
[SourceVersion "1"]
[SourceVersionDate "2025.11.13"]
[SourceQuality "1"]
[WhiteTeam "Duelmen"]
[BlackTeam "Suedlohn II"]
[WhiteTeamCountry "GER"]
[BlackTeamCountry "GER"]

1. e4 e6 2. d4 d5 3. exd5 exd5 4. Bd3 Bd6 5. c3 Nc6 6. Qc2 Nge7 7. Be3 Bg4 8. Nd2 Qd7 9. Ngf3 O-O-O 10. h3 Bf5 11. O-O-O Rde8 12. Rhe1 f6 13. Nb3 Kb8 14. Bd2 b6 15. Re2 Bxd3 16. Qxd3 Nd8 17. Rde1 Ng6 18. Kb1 Nf7 19. g4 Rxe2 20. Qxe2 Bf4 21. Nc1 Nd6 22. Nd3 Bxd2 23. Nxd2 Re8 1/2-1/2

[Event "Muensterland Verbandsliga 2526"]
[Site "Germany"]
[Date "2026.04.25"]
[Round "8"]
[Board "8"]
[White "Musholt, Joachim"]
[Black "Eiersbrock, Jan"]
[Result "0-1"]
[WhiteElo "1678"]
[BlackElo "1571"]
[WhiteFideId "-1"]
[BlackFideId "-1"]
[PlyCount "66"]
[GameId "2305634894780855"]
[EventDate "2025.??.??"]
[EventType "team-tourn"]
[EventRounds "9"]
[EventCountry "GER"]
[SourceTitle "Verband Muensterland"]
[SourceDate "2025.11.13"]
[SourceVersion "1"]
[SourceVersionDate "2025.11.13"]
[SourceQuality "1"]
[WhiteTeam "Suedlohn II"]
[BlackTeam "Duelmen"]
[WhiteTeamCountry "GER"]
[BlackTeamCountry "GER"]

1. e4 e5 2. Nf3 Nc6 3. Bb5 Bc5 4. O-O d6 5. c3 a6 6. Ba4 b5 7. Bb3 Nf6 8. d4 exd4 9. cxd4 Bb4 10. a3 Ba5 11. a4 O-O 12. Bg5 h6 13. Be3 d5 14. axb5 axb5 15. exd5 Nxd5 16. Bxd5 Qxd5 17. Nc3 Qf5 18. d5 Rd8 19. Qb3 b4 20. dxc6 bxc3 21. bxc3 Be6 22. Qa3 Qd3 23. Bd4 Bb6 24. Qe7 Rdc8 25. Rxa8 Rxa8 26. Bxb6 cxb6 27. Qb7 Re8 28. Qxb6 Qxc3 29. Nd4 Bc4 30. Qc5 Re1 31. Qxc4 Qxc4 32. Rxe1 Qxd4 33. g3 Qc3 0-1

[Event "Muensterland Verbandsliga 2526"]
[Site "Germany"]
[Date "2026.04.25"]
[Round "8"]
[Board "1"]
[White "Becker, Daniel"]
[Black "Mullink, Jochem"]
[Result "0-1"]
[WhiteElo "1825"]
[BlackElo "2151"]
[WhiteFideId "-1"]
[BlackFideId "-1"]
[PlyCount "78"]
[GameId "2095106920076468"]
[EventDate "2025.??.??"]
[EventType "team-tourn"]
[EventRounds "9"]
[EventCountry "GER"]
[SourceTitle "Verband Muensterland"]
[SourceDate "2025.11.13"]
[SourceVersion "1"]
[SourceVersionDate "2025.11.13"]
[SourceQuality "1"]
[WhiteTeam "Nienberge II"]
[BlackTeam "Stadtlohn"]
[WhiteTeamCountry "GER"]
[BlackTeamCountry "GER"]

1. e4 c5 2. g3 Nc6 3. Bg2 g6 4. d3 Bg7 5. f4 d6 6. c3 Nf6 7. Nf3 O-O 8. Be3 Bd7 9. h3 b5 10. O-O b4 11. g4 Qb6 12. Nbd2 bxc3 13. bxc3 Ne8 14. Nc4 Qa6 15. Qc2 Nc7 16. a4 Na5 17. Nfd2 Rab8 18. f5 Nxc4 19. Nxc4 Bc6 20. g5 gxf5 21. Rxf5 Na8 22. e5 Bxg2 23. Qxg2 Nb6 24. Nxb6 axb6 25. d4 Qd3 26. Qf3 Qxc3 27. Rc1 Qd3 28. Rd1 Qb3 29. exd6 exd6 30. Rf6 Bxf6 31. gxf6 Kh8 32. Rf1 Rg8+ 33. Kh2 Rg6 34. dxc5 bxc5 35. a5 Qa2+ 36. Rf2 Qxa5 37. Qd5 Qe1 38. Rg2 Qxe3 39. Rxg6 hxg6 0-1

[Event "Muensterland Verbandsliga 2526"]
[Site "Germany"]
[Date "2026.04.25"]
[Round "8"]
[Board "2"]
[White "Krosenbrink, Marcel"]
[Black "Bahr, Maximilian"]
[Result "1-0"]
[WhiteElo "1885"]
[BlackElo "1772"]
[WhiteFideId "-1"]
[BlackFideId "-1"]
[PlyCount "99"]
[GameId "2095107169440957"]
[EventDate "2025.??.??"]
[EventType "team-tourn"]
[EventRounds "9"]
[EventCountry "GER"]
[SourceTitle "Verband Muensterland"]
[SourceDate "2025.11.13"]
[SourceVersion "1"]
[SourceVersionDate "2025.11.13"]
[SourceQuality "1"]
[WhiteTeam "Stadtlohn"]
[BlackTeam "Nienberge II"]
[WhiteTeamCountry "GER"]
[BlackTeamCountry "GER"]

1. e4 e6 2. d4 d5 3. Nc3 Bb4 4. exd5 exd5 5. Bd3 c6 6. Qf3 Ne7 7. Qg3 g6 8. Qe5 Rg8 9. Nf3 Nd7 10. Qg3 Nf6 11. Bd2 Bf5 12. Ne5 Bd6 13. O-O-O Qc7 14. Qh4 Bxd3 15. Nxd3 Nh5 16. g4 Nf4 17. Nxf4 Bxf4 18. Rhe1 g5 19. Qxh7 O-O-O 20. Qxf7 Ng6 21. Qxc7+ Kxc7 22. Bxf4+ Nxf4 23. Re7+ Rd7 24. Rxd7+ Kxd7 25. Kd2 Rh8 26. Ne2 Ng6 27. Ng3 Rxh2 28. Ke3 Rh4 29. Kf3 Rh8 30. Nh5 Rf8+ 31. Kg3 Kd6 32. Rd3 Rf7 33. Rf3 Rxf3+ 34. Kxf3 Nf8 35. Ke3 Ke7 36. f4 Ne6 37. fxg5 Kf7 38. g6+ Kg8 39. Nf4 Ng5 40. Nd3 Kg7 41. Ne5 Ne6 42. b4 Kf6 43. a4 Nc7 44. c3 a6 45. g5+ Kg7 46. Kf4 b5 47. a5 Ne8 48. Nxc6 Kxg6 49. Ne7+ Kf7 50. Nxd5 1-0

[Event "Muensterland Verbandsliga 2526"]
[Site "Germany"]
[Date "2026.04.25"]
[Round "8"]
[Board "3"]
[White "Garrell, Damian"]
[Black "Te Sligte, Bert"]
[Result "1-0"]
[WhiteElo "1792"]
[BlackElo "1805"]
[WhiteFideId "-1"]
[BlackFideId "-1"]
[PlyCount "81"]
[GameId "2095107233178822"]
[EventDate "2025.??.??"]
[EventType "team-tourn"]
[EventRounds "9"]
[EventCountry "GER"]
[SourceTitle "Verband Muensterland"]
[SourceDate "2025.11.13"]
[SourceVersion "1"]
[SourceVersionDate "2025.11.13"]
[SourceQuality "1"]
[WhiteTeam "Nienberge II"]
[BlackTeam "Stadtlohn"]
[WhiteTeamCountry "GER"]
[BlackTeamCountry "GER"]

1. d4 Nf6 2. c4 c5 3. d5 e6 4. Nc3 exd5 5. cxd5 g6 6. g3 Bg7 7. Bg2 d6 8. Nf3 O-O 9. O-O Re8 10. Re1 a6 11. a4 b6 12. e4 Nbd7 13. Bf4 Qc7 14. e5 Ng4 15. exd6 Qd8 16. h3 Nge5 17. Ng5 Rb8 18. Qc2 Nf8 19. Rad1 Bf5 20. Nge4 g5 21. Bc1 h6 22. Qe2 c4 23. Kh2 Nd3 24. Rxd3 cxd3 25. Qxd3 Nd7 26. Qxa6 Nc5 27. Qf1 Bg6 28. f4 Qd7 29. fxg5 Bxc3 30. Nxc5 bxc5 31. bxc3 Rxe1 32. Qxe1 Re8 33. Qf2 Qxd6 34. gxh6 Be4 35. c4 Bd3 36. Qf3 Bg6 37. Bf4 Qd7 38. Qc3 f5 39. Qf6 Qf7 40. Qc6 Qe7 41. Qxg6+ 1-0

[Event "Muensterland Verbandsliga 2526"]
[Site "Germany"]
[Date "2026.04.25"]
[Round "8"]
[Board "4"]
[White "Bußwolder, Peter"]
[Black "Van de Vyle, Jan"]
[Result "1/2-1/2"]
[WhiteElo "1755"]
[BlackElo "1792"]
[WhiteFideId "-1"]
[BlackFideId "-1"]
[PlyCount "26"]
[GameId "2095107319190735"]
[EventDate "2025.??.??"]
[EventType "team-tourn"]
[EventRounds "9"]
[EventCountry "GER"]
[SourceTitle "Verband Muensterland"]
[SourceDate "2025.11.13"]
[SourceVersion "1"]
[SourceVersionDate "2025.11.13"]
[SourceQuality "1"]
[WhiteTeam "Stadtlohn"]
[BlackTeam "Nienberge II"]
[WhiteTeamCountry "GER"]
[BlackTeamCountry "GER"]

1. d4 d5 2. Bf4 Nc6 3. e3 Bf5 4. Bd3 Bxd3 5. Qxd3 e6 6. a3 Bd6 7. Bxd6 Qxd6 8. Nf3 Nf6 9. Nbd2 O-O 10. O-O e5 11. Nxe5 Nxe5 12. dxe5 Qxe5 13. Nf3 Qe4 1/2-1/2

[Event "Muensterland Verbandsliga 2526"]
[Site "Germany"]
[Date "2026.04.25"]
[Round "8"]
[Board "5"]
[White "Haas, Kai"]
[Black "Kloster, Daniel"]
[Result "1-0"]
[WhiteElo "1900"]
[BlackElo "1694"]
[WhiteFideId "-1"]
[BlackFideId "-1"]
[PlyCount "23"]
[GameId "2095107403830488"]
[EventDate "2025.??.??"]
[EventType "team-tourn"]
[EventRounds "9"]
[EventCountry "GER"]
[SourceTitle "Verband Muensterland"]
[SourceDate "2025.11.13"]
[SourceVersion "1"]
[SourceVersionDate "2025.11.13"]
[SourceQuality "1"]
[WhiteTeam "Nienberge II"]
[BlackTeam "Stadtlohn"]
[WhiteTeamCountry "GER"]
[BlackTeamCountry "GER"]

1. d3 d5 2. e4 dxe4 3. Nc3 Nf6 4. Bg5 exd3 5. Bxd3 g6 6. Qe2 Be6 7. O-O-O Nbd7 8. Nf3 Bg4 9. Bxf6 Nxf6 10. Bb5+ Nd7 11. Bxd7+ Bxd7 12. Ne5 1-0

[Event "Muensterland Verbandsliga 2526"]
[Site "Germany"]
[Date "2026.04.25"]
[Round "8"]
[Board "6"]
[White "Van Harxen, Luc"]
[Black "Nguyen, Alexander"]
[Result "1/2-1/2"]
[WhiteElo "1542"]
[BlackElo "1629"]
[WhiteFideId "-1"]
[BlackFideId "-1"]
[PlyCount "56"]
[GameId "2095107464140001"]
[EventDate "2025.??.??"]
[EventType "team-tourn"]
[EventRounds "9"]
[EventCountry "GER"]
[SourceTitle "Verband Muensterland"]
[SourceDate "2025.11.13"]
[SourceVersion "1"]
[SourceVersionDate "2025.11.13"]
[SourceQuality "1"]
[WhiteTeam "Stadtlohn"]
[BlackTeam "Nienberge II"]
[WhiteTeamCountry "GER"]
[BlackTeamCountry "GER"]

1. e4 e6 2. Nf3 d5 3. exd5 exd5 4. d4 Bd6 5. Be2 Nc6 6. O-O Nge7 7. c3 Bg4 8. Bg5 f6 9. Bh4 g5 10. Bg3 h5 11. Ne1 Bxe2 12. Qxe2 h4 13. Bxd6 Qxd6 14. Nd3 b6 15. Na3 O-O-O 16. Qg4+ Qd7 17. Qxd7+ Rxd7 18. Nc2 Ng6 19. Rae1 Rf7 20. Re3 Rg8 21. Rfe1 Kd7 22. Ncb4 Nxb4 23. Nxb4 c6 24. Re6 Nf4 25. R6e3 g4 26. Nd3 Nxd3 27. Rxd3 Re7 28. Rxe7+ Kxe7 1/2-1/2